Constitutional law of India (Record no. 15729)

MARC details
000 -LEADER
fixed length control field 00477nam a2200181Ia 4500
008 - FIXED-LENGTH DATA ELEMENTS--GENERAL INFORMATION
fixed length control field 230917s9999||||xx |||||||||||||| ||und||
020 ## - ISBN
Price RS530
040 ## - CATALOGING SOURCE
-- 227910
Original cataloging agency VIVEKANANDA LIBRARY
041 ## - Language
-- English
082 ## - DDC NUMBER
Classification number 342.54 P192C(54)
100 ## - MAIN ENTRY--PERSONAL NAME
Personal name Pandey, J N
245 #0 - TITLE STATEMENT
Title Constitutional law of India
250 ## - EDITION STATEMENT
Edition statement 54th ed.
260 ## - PUBLICATION, DISTRIBUTION, ETC. (IMPRINT)
Place of publication, distribution, etc Allahabad
Name of publisher, distributor, etc Central Law Agency
Date of publication, distribution, etc 2017
300 ## - PHYSICAL DESCRIPTION
Pages lxiv, 839 p.
500 ## - GENERAL NOTE
General note 2086 26/08/2015 KB15/124 16/09/2015 Main Budget
942 ## - ADDED ENTRY ELEMENTS (KOHA)
Koha item type Books
Holdings
Withdrawn status Lost status Damaged status Not for loan Location (home branch) Sublocation or collection (holding branch) Date acquired Koha issues (times borrowed) Koha full call number Accession No. Koha date last seen Koha item type
        VIVEKANANDA LIBRARY VIVEKANANDA LIBRARY 28/10/2015 7 342.54 P192C(54) 343911 15/02/2025 Books
        VIVEKANANDA LIBRARY VIVEKANANDA LIBRARY 28/10/2015 12 342.54 P192C(54) 343912 06/04/2026 Books
        VIVEKANANDA LIBRARY VIVEKANANDA LIBRARY 28/10/2015 6 342.54 P192C(54) 343913 06/10/2025 Books
        VIVEKANANDA LIBRARY VIVEKANANDA LIBRARY 28/10/2015 2 342.54 P192C(54) 343914 23/01/2024 Books
        VIVEKANANDA LIBRARY VIVEKANANDA LIBRARY 28/10/2015 1 342.54 P192C(54) 343915 14/10/2023 Books
© Designed and Maintained by Vivekananda Library, MDU Rohtak